Derecho masónico

Zapisane w:
Opis bibliograficzny
1. autor: Quezada Meléndez, José (autor)
Format: Książka
Język:hiszpański
Wydane: Santiago Jurídica Ediar-Cono Sur 1989
Hasła przedmiotowe:
Etykiety: Dodaj etykietę
Nie ma etykietki, Dołącz pierwszą etykiete!

MARC

LEADER 00000nam a2200000 a 4500
001 UCV1328
003 CL-VaPUC
008 900417e19890000CL |||||||||||||||||spa|d
082 0 4 |a 366.1  |b QUE  |2 21 
100 |a Quezada Meléndez, José  |e autor  |9 541932 
245 1 0 |a Derecho masónico 
300 |a 182 p 
942 |c BK 
945 |d 19900417 00:00:00 
260 |a Santiago  |b Jurídica Ediar-Cono Sur  |c 1989 
500 |a Edición reservada exclusivamente para Masones 
650 0 |a Masonería   |9 256238 
583 |a last modification  |c 19900417 00:00:00  |k Rodrigo Vera 
999 |c 209312  |d 209310 
952 |0 0  |1 0  |4 0  |6 366_100000000000000_QUE_1989  |7 0  |8 A  |9 184646  |a BIBDER  |b BIBDER  |d 2019-11-14  |i 2519542  |o 366.1 QUE 1989  |p 2519542  |r 2023-01-25  |w 2019-11-14  |y BK  |k DER 
952 |0 0  |1 0  |4 0  |6 366_100000000000000_QUE_1989  |7 0  |8 DER_HDC  |9 184647  |a BIBDER  |b BIBDER  |d 2019-11-14  |i 3897362  |o 366.1 QUE 1989  |p 3897362  |r 2023-01-25  |w 2019-11-14  |x Ubicación 4to Piso  |y BK  |z Estos recursos deben solicitarse con anticipación  |k DER